<?xml version="1.0" encoding="UTF-8"?>
<record
    xmlns:xsi="http://www.w3.org/2001/XMLSchema-instance"
    xsi:schemaLocation="http://www.loc.gov/MARC21/slim http://www.loc.gov/standards/marcxml/schema/MARC21slim.xsd"
    xmlns="http://www.loc.gov/MARC21/slim">

  <leader>00746nam a22002417a 4500</leader>
  <datafield tag="999" ind1=" " ind2=" ">
    <subfield code="c">107194</subfield>
    <subfield code="d">107194</subfield>
  </datafield>
  <controlfield tag="005">20200320144553.0</controlfield>
  <datafield tag="010" ind1=" " ind2=" ">
    <subfield code="a">203202</subfield>
  </datafield>
  <datafield tag="020" ind1=" " ind2=" ">
    <subfield code="c">2.50</subfield>
  </datafield>
  <datafield tag="035" ind1=" " ind2=" ">
    <subfield code="a">203202</subfield>
  </datafield>
  <datafield tag="037" ind1=" " ind2=" ">
    <subfield code="b">Cen Lib/Ret</subfield>
  </datafield>
  <datafield tag="082" ind1=" " ind2=" ">
    <subfield code="a">&#x646;</subfield>
    <subfield code="b">&#x646; &#x648; &#x632;</subfield>
  </datafield>
  <datafield tag="100" ind1=" " ind2=" ">
    <subfield code="a">&#x646;&#x630;&#x6CC;&#x631; &#x646;&#x630;&#x6CC;&#x631; &#x627;&#x62D;&#x645;&#x62F; &#x62F;&#x6C1;&#x644;&#x648;&#x6CC; </subfield>
  </datafield>
  <datafield tag="245" ind1=" " ind2=" ">
    <subfield code="a">&#x62A;&#x648;&#x628;&#x62A;&#x6C1; &#x627;&#x646;&#x635;&#x648;&#x62D; /</subfield>
    <subfield code="c">&#x646;&#x630;&#x6CC;&#x631; &#x646;&#x630;&#x6CC;&#x631; &#x627;&#x62D;&#x645;&#x62F; &#x62F;&#x6C1;&#x644;&#x648;&#x6CC; </subfield>
  </datafield>
  <datafield tag="246" ind1=" " ind2=" ">
    <subfield code="a">Tobtah ansuh /</subfield>
    <subfield code="b">by Nazir Ahmad Dehlvi </subfield>
  </datafield>
  <datafield tag="260" ind1=" " ind2=" ">
    <subfield code="a"> &#x62F;&#x6C1;&#x644;&#x6CC; </subfield>
    <subfield code="b">&#x6A9;&#x62A;&#x628; &#x62E;&#x627;&#x646;&#x6C1; &#x646;&#x632;&#x6CC;&#x631;&#x6CC;&#x6C1; </subfield>
    <subfield code="c">[s.n.]</subfield>
  </datafield>
  <datafield tag="270" ind1=" " ind2=" ">
    <subfield code="b"> &#x62F;&#x6C1;&#x644;&#x6CC; </subfield>
    <subfield code="a">&#x627;&#x631;&#x62F;&#x648; &#x628;&#x627;&#x632;&#x627;&#x631; &#x62C;&#x645;&#x627; &#x645;&#x633;&#x62C;&#x62F; </subfield>
    <subfield code="e">110006</subfield>
  </datafield>
  <datafield tag="300" ind1=" " ind2=" ">
    <subfield code="a">304p.</subfield>
    <subfield code="c">17cm(Hb)</subfield>
  </datafield>
  <datafield tag="650" ind1=" " ind2=" ">
    <subfield code="a"> &#x627;&#x62F;&#x628; - &#x627;&#x631;&#x62F;&#x648;</subfield>
  </datafield>
  <datafield tag="650" ind1=" " ind2=" ">
    <subfield code="a">&#x627;&#x631;&#x62F;&#x648; &#x646;&#x627;&#x648;&#x644;</subfield>
  </datafield>
  <datafield tag="650" ind1=" " ind2=" ">
    <subfield code="a">Literature -- Urdu </subfield>
  </datafield>
  <datafield tag="650" ind1=" " ind2=" ">
    <subfield code="a">Urdu novel </subfield>
  </datafield>
  <datafield tag="942" ind1=" " ind2=" ">
    <subfield code="2">ddc</subfield>
    <subfield code="c">UR</subfield>
    <subfield code="h">&#x646;</subfield>
    <subfield code="m">&#x646; &#x632; &#x6CC;</subfield>
  </datafield>
  <datafield tag="952" ind1=" " ind2=" ">
    <subfield code="0">0</subfield>
    <subfield code="1">0</subfield>
    <subfield code="4">0</subfield>
    <subfield code="7">0</subfield>
    <subfield code="a">L</subfield>
    <subfield code="b">L</subfield>
    <subfield code="d">2016-01-04</subfield>
    <subfield code="e">Cen Lib/Ret</subfield>
    <subfield code="g">2.00</subfield>
    <subfield code="l">2</subfield>
    <subfield code="m">4</subfield>
    <subfield code="o">&#x646; &#x646; &#x632; &#x6CC;</subfield>
    <subfield code="p">203202</subfield>
    <subfield code="r">2023-11-08 00:00:00</subfield>
    <subfield code="s">2023-09-11</subfield>
    <subfield code="t">1</subfield>
    <subfield code="v">2.00</subfield>
    <subfield code="y">UR</subfield>
  </datafield>
</record>
